<?xml version="1.0" encoding="UTF-8"?>
<record
    xmlns:xsi="http://www.w3.org/2001/XMLSchema-instance"
    xsi:schemaLocation="http://www.loc.gov/MARC21/slim http://www.loc.gov/standards/marcxml/schema/MARC21slim.xsd"
    xmlns="http://www.loc.gov/MARC21/slim">

  <leader>02762nam a2200361 a 4500</leader>
  <controlfield tag="001">77843</controlfield>
  <controlfield tag="003">BD-RjUL</controlfield>
  <controlfield tag="005">20211209083038.0</controlfield>
  <controlfield tag="008">210127s    2010bg a|||| m||| 00| 0 ben d</controlfield>
  <datafield tag="035" ind1=" " ind2=" ">
    <subfield code="a">(BD-RjUL)78069</subfield>
  </datafield>
  <datafield tag="040" ind1=" " ind2=" ">
    <subfield code="a">BD-RjUL</subfield>
    <subfield code="b">ben / eng</subfield>
    <subfield code="c">BD-RjUL</subfield>
    <subfield code="d">BD-RjUL</subfield>
  </datafield>
  <datafield tag="041" ind1=" " ind2=" ">
    <subfield code="a">ben</subfield>
  </datafield>
  <datafield tag="082" ind1=" " ind2=" ">
    <subfield code="a">956</subfield>
    <subfield code="b">MAM 2010</subfield>
    <subfield code="2">23</subfield>
  </datafield>
  <datafield tag="100" ind1=" " ind2=" ">
    <subfield code="a">&#x9AE;&#x9BE;&#x9B9;&#x9AE;&#x9C1;&#x9A6;, &#x9B9;&#x9BE;&#x9B8;&#x9BE;&#x9A8;&#x9C1;&#x99C;&#x9CD;&#x99C;&#x9BE;&#x9AE;&#x9BE;&#x9A8; </subfield>
    <subfield code="9">244001</subfield>
  </datafield>
  <datafield tag="245" ind1="1" ind2="0">
    <subfield code="a">&#x9AE;&#x9A7;&#x9CD;&#x9AF;&#x9AA;&#x9CD;&#x9B0;&#x9BE;&#x99A;&#x9CD;&#x9AF;&#x9C7; &#x9AA;&#x9BE;&#x9B6;&#x9CD;&#x99A;&#x9BE;&#x9A4;&#x9CD;&#x9AF; &#x9B6;&#x9A4;&#x9CD;&#x9A4;&#x9BF;&#x9B0; &#x986;&#x997;&#x9CD;&#x9B0;&#x9BE;&#x9B8;&#x9A8; &#x993; &#x9A6;&#x996;&#x9B2;&#x9A6;&#x9BE;&#x9B0;&#x9BF;&#x9A4;&#x9CD;&#x9AC; :</subfield>
    <subfield code="b">&#x9AA;&#x9CD;&#x9B0;&#x9C7;&#x995;&#x9CD;&#x9B7;&#x9BF;&#x9A4; &#x993; &#x9AA;&#x9CD;&#x9B0;&#x9AD;&#x9BE;&#x9AC; (&#x9E7;&#x9ED;&#x9EF;&#x9EE; -&#x9E7;&#x9EF;&#x9E8;&#x9EA; &#x996;&#x9CD;&#x9B0;&#x9C0;.) /</subfield>
    <subfield code="c">&#x9B9;&#x9BE;&#x9B8;&#x9BE;&#x9A8;&#x9C1;&#x99C;&#x9CD;&#x99C;&#x9BE;&#x9AE;&#x9BE;&#x9A8; &#x9AE;&#x9BE;&#x9B9;&#x9AE;&#x9C1;&#x9A6; ;</subfield>
    <subfield code="6">&#x997;&#x9AC;&#x9C7;&#x9B7;&#x9A3;&#x9BE; &#x9A4;&#x9A4;&#x9CD;&#x9A4;&#x9CD;&#x9AC;&#x9BE;&#x9AC;&#x9A7;&#x9BE;&#x9AF;&#x9BC;&#x995; ; &#x98F;. &#x9AC;&#x9BF;. &#x98F;&#x9AE;. &#x9B6;&#x9BE;&#x9B9;&#x9BE;&#x99C;&#x9BE;&#x9B9;&#x9BE;&#x9A8;</subfield>
  </datafield>
  <datafield tag="260" ind1=" " ind2=" ">
    <subfield code="a">&#x9B0;&#x9BE;&#x99C;&#x9B6;&#x9BE;&#x9B9;&#x9C0; :</subfield>
    <subfield code="b">&#x987;&#x9B8;&#x9B2;&#x9BE;&#x9AE;&#x9C7;&#x9B0; &#x987;&#x9A4;&#x9BF;&#x9B9;&#x9BE;&#x9B8; &#x993; &#x9B8;&#x982;&#x9B8;&#x9CD;&#x995;&#x9C3;&#x9A4;&#x9BF; &#x9AC;&#x9BF;&#x9AD;&#x9BE;&#x997;, &#x9B0;&#x9BE;&#x99C;&#x9B6;&#x9BE;&#x9B9;&#x9C0; &#x9AC;&#x9BF;&#x9B6;&#x9CD;&#x9AC;&#x9AC;&#x9BF;&#x9A6;&#x9CD;&#x9AF;&#x9BE;&#x9B2;&#x9AF;&#x9BC;,</subfield>
    <subfield code="c">&#x9E8;&#x9E6;&#x9E7;&#x9E6;</subfield>
  </datafield>
  <datafield tag="300" ind1=" " ind2=" ">
    <subfield code="a">iv,  &#x9E8;&#x9E9;&#x9E7; &#x9AA;&#x9BE;&#x9A4;&#x9BE; :</subfield>
    <subfield code="b">&#x99A;&#x9BF;&#x98F; ;</subfield>
    <subfield code="c">&#x9E8;&#x9EF; &#x9B8;&#x9C7;&#x9AE;&#x9BF;.</subfield>
  </datafield>
  <datafield tag="502" ind1=" " ind2=" ">
    <subfield code="a">&#x9A5;&#x9BF;&#x9B8;&#x9BF;&#x9B8; (&#x98F;&#x9AE;, &#x9AB;&#x9BF;&#x9B2;.) -- &#x987;&#x9B8;&#x9B2;&#x9BE;&#x9AE;&#x9C7;&#x9B0; &#x987;&#x9A4;&#x9BF;&#x9B9;&#x9BE;&#x9B8; &#x993; &#x9B8;&#x982;&#x9B8;&#x9CD;&#x995;&#x9C3;&#x9A4;&#x9BF; &#x9AC;&#x9BF;&#x9AD;&#x9BE;&#x997;, &#x9B0;&#x9BE;&#x99C;&#x9B6;&#x9BE;&#x9B9;&#x9C0; &#x9AC;&#x9BF;&#x9B6;&#x9CD;&#x9AC;&#x9AC;&#x9BF;&#x9A6;&#x9CD;&#x9AF;&#x9BE;&#x9B2;&#x9AF;&#x9BC;,&#x9E8;&#x9E6;&#x9E7;&#x9E6;</subfield>
  </datafield>
  <datafield tag="504" ind1=" " ind2=" ">
    <subfield code="a">&#x997;&#x9CD;&#x9B0;&#x9A8;&#x9CD;&#x9A5;&#x9AA;&#x99E;&#x9CD;&#x99C;&#x9BF; : &#x9AA;&#x9BE;&#x9A4;&#x9BE; [&#x9E8;&#x9E8;&#x9E8;]-&#x9E8;&#x9E8;&#x9ED;</subfield>
  </datafield>
  <datafield tag="600" ind1=" " ind2=" ">
    <subfield code="a"> 	      </subfield>
    <subfield code="c"> 	      </subfield>
    <subfield code="d">.  </subfield>
    <subfield code="q"> 	  .     </subfield>
    <subfield code="y"> 	   </subfield>
    <subfield code="9">244140</subfield>
  </datafield>
  <datafield tag="650" ind1=" " ind2=" ">
    <subfield code="a">&#x9AF;&#x9C1;&#x9A6;&#x9CD;&#x9A7; &#x98F;&#x9AC;&#x982; &#x9B8;&#x9AE;&#x9BE;&#x99C; </subfield>
    <subfield code="z">&#x9AE;&#x9A7;&#x9CD;&#x9AF; &#x9AA;&#x9CD;&#x9B0;&#x9BE;&#x99A;&#x9CD;&#x9AF;&#x964; </subfield>
    <subfield code="y">&#x9E7;&#x9ED;&#x9EF;&#x9EE; -&#x9E7;&#x9EF;&#x9E8;&#x9EA; &#x996;&#x9CD;&#x9B0;&#x9C0;.</subfield>
    <subfield code="9">244141</subfield>
  </datafield>
  <datafield tag="650" ind1=" " ind2=" ">
    <subfield code="a"> War and society </subfield>
    <subfield code="z">Middle East.</subfield>
    <subfield code="y">1798-1924 A. D.</subfield>
    <subfield code="9">244142</subfield>
  </datafield>
  <datafield tag="651" ind1=" " ind2=" ">
    <subfield code="a">&#x9AE;&#x9A7;&#x9CD;&#x9AF; &#x9AA;&#x9CD;&#x9B0;&#x9BE;&#x99A;&#x9CD;&#x9AF; </subfield>
    <subfield code="x">&#x987;&#x9A4;&#x9BF;&#x9B9;&#x9BE;&#x9B8;</subfield>
    <subfield code="y">&#x9E7;&#x9ED;&#x9EF;&#x9EE; -&#x9E7;&#x9EF;&#x9E8;&#x9EA; &#x996;&#x9CD;&#x9B0;&#x9C0;.</subfield>
    <subfield code="9">244143</subfield>
  </datafield>
  <datafield tag="651" ind1=" " ind2=" ">
    <subfield code="a">Middle East </subfield>
    <subfield code="x">History </subfield>
    <subfield code="y">1798-1924 A. D.</subfield>
    <subfield code="9">244144</subfield>
  </datafield>
  <datafield tag="651" ind1=" " ind2=" ">
    <subfield code="a">&#x9AE;&#x9A7;&#x9CD;&#x9AF; &#x9AA;&#x9CD;&#x9B0;&#x9BE;&#x99A;&#x9CD;&#x9AF; </subfield>
    <subfield code="x">&#x9B0;&#x9BE;&#x99C;&#x9A8;&#x9C0;&#x9A4;&#x9BF; &#x98F;&#x9AC;&#x982; &#x9B8;&#x9B0;&#x995;&#x9BE;&#x9B0;</subfield>
    <subfield code="y">&#x9E7;&#x9ED;&#x9EF;&#x9EE; -&#x9E7;&#x9EF;&#x9E8;&#x9EA; &#x996;&#x9CD;&#x9B0;&#x9C0;.</subfield>
    <subfield code="9">244145</subfield>
  </datafield>
  <datafield tag="651" ind1=" " ind2=" ">
    <subfield code="a">Middle East </subfield>
    <subfield code="x">Politics and government.</subfield>
    <subfield code="y">1798-1924 A. D.</subfield>
    <subfield code="9">244146</subfield>
  </datafield>
  <datafield tag="651" ind1=" " ind2=" ">
    <subfield code="a">&#x9AE;&#x9A7;&#x9CD;&#x9AF; &#x9AA;&#x9CD;&#x9B0;&#x9BE;&#x99A;&#x9CD;&#x9AF; </subfield>
    <subfield code="x">&#x9AC;&#x9C8;&#x9A6;&#x9C7;&#x9B6;&#x9BF;&#x995; &#x985;&#x9B0;&#x9CD;&#x9A5;&#x9A8;&#x9C8;&#x9A4;&#x9BF;&#x995; &#x9B8;&#x9AE;&#x9CD;&#x9AA;&#x9B0;&#x9CD;&#x995;</subfield>
    <subfield code="y">&#x9E7;&#x9ED;&#x9EF;&#x9EE; -&#x9E7;&#x9EF;&#x9E8;&#x9EA; &#x996;&#x9CD;&#x9B0;&#x9C0;.</subfield>
    <subfield code="9">244147</subfield>
  </datafield>
  <datafield tag="651" ind1=" " ind2=" ">
    <subfield code="a"> Middle East </subfield>
    <subfield code="x">Foreign economic relations.</subfield>
    <subfield code="y">1798-1924 A. D.</subfield>
    <subfield code="9">244148</subfield>
  </datafield>
  <datafield tag="651" ind1=" " ind2=" ">
    <subfield code="a">&#x9AE;&#x9A7;&#x9CD;&#x9AF; &#x9AA;&#x9CD;&#x9B0;&#x9BE;&#x99A;&#x9CD;&#x9AF; </subfield>
    <subfield code="x">&#x987;&#x9A4;&#x9BF;&#x9B9;&#x9BE;&#x9B8;, &#x9B8;&#x9BE;&#x9AE;&#x9B0;&#x9BF;&#x995;</subfield>
    <subfield code="y">&#x9E7;&#x9ED;&#x9EF;&#x9EE; -&#x9E7;&#x9EF;&#x9E8;&#x9EA; &#x996;&#x9CD;&#x9B0;&#x9C0;.</subfield>
    <subfield code="9">244149</subfield>
  </datafield>
  <datafield tag="651" ind1=" " ind2=" ">
    <subfield code="a">Middle East </subfield>
    <subfield code="x">History, Military</subfield>
    <subfield code="y">1798-1924 A. D.</subfield>
    <subfield code="9">244150</subfield>
  </datafield>
  <datafield tag="700" ind1=" " ind2=" ">
    <subfield code="a">&#x9B6;&#x9BE;&#x9B9;&#x9BE;&#x99C;&#x9BE;&#x9B9;&#x9BE;&#x9A8;, &#x98F;, &#x9AC;&#x9BF;, &#x98F;&#x9AE;. , &#x997;&#x9AC;&#x9C7;&#x9B7;&#x9A3;&#x9BE; &#x9A4;&#x9A4;&#x9CD;&#x9A4;&#x9CD;&#x9AC;&#x9BE;&#x9AC;&#x9A7;&#x9BE;&#x9AF;&#x9BC;&#x995; </subfield>
    <subfield code="9">244004</subfield>
  </datafield>
  <datafield tag="942" ind1=" " ind2=" ">
    <subfield code="2">ddc</subfield>
    <subfield code="c">THE</subfield>
  </datafield>
  <datafield tag="999" ind1=" " ind2=" ">
    <subfield code="c">77843</subfield>
    <subfield code="d">77843</subfield>
  </datafield>
  <datafield tag="952" ind1=" " ind2=" ">
    <subfield code="0">0</subfield>
    <subfield code="1">0</subfield>
    <subfield code="2">ddc</subfield>
    <subfield code="4">0</subfield>
    <subfield code="7">1</subfield>
    <subfield code="8">THESES</subfield>
    <subfield code="a">RUCL</subfield>
    <subfield code="b">RUCL</subfield>
    <subfield code="c">Doc/The</subfield>
    <subfield code="d">2011-06-06</subfield>
    <subfield code="e">Controller of Exam., R.U.</subfield>
    <subfield code="l">0</subfield>
    <subfield code="o">BTHE 956 MAM 2010</subfield>
    <subfield code="r">2021-01-27 00:00:00</subfield>
    <subfield code="t">C-1</subfield>
    <subfield code="w">2021-12-09</subfield>
    <subfield code="y">THE</subfield>
  </datafield>
</record>
